|
|
|
|
| LEADER |
00000nam0a2200000 4500 |
| 001 |
318881 |
| 005 |
20231102003125.0 |
| 010 |
|
|
|a 9785836502980
|
| 035 |
|
|
|a (RuTPU)RU\TPU\book\344384
|
| 090 |
|
|
|a 318881
|
| 100 |
|
|
|a 20160511d2007 m y0rusy50 ca
|
| 101 |
0 |
|
|a rus
|
| 102 |
|
|
|a RU
|
| 105 |
|
|
|a a j 001zy
|
| 200 |
1 |
|
|a Определение физических свойств нефтеводосодержащих пород
|e учебное пособие для вузов
|f Н. С. Гудок, Н. Н. Богданович, В. Г. Мартынов
|g Российский государственный университет нефти и газа им. И. М. Губкина (РГУ Нефти и Газа)
|
| 210 |
|
|
|a Москва
|c Недра
|d 2007
|
| 215 |
|
|
|a 592 с.
|c ил.
|
| 225 |
1 |
|
|a Приоритетный национальный проект "Образование"
|
| 320 |
|
|
|a Библиогр.: с. 563-589
|
| 330 |
|
|
|a Обобщая и систематизируя применяемые в отечественной и зарубежной практике методы изучения петрофизических свойств горных пород и используя результаты собственных экспериментальных исследований, авторы внесли некоторые дополнения к общепринятым методам, а также рекомендовали новые, основанные на учете поверхностно-молекулярного взаимодействия в системе порода - вода - нефть. Большое внимание уделено влиянию глинистой компоненты, как наиболее активной составляющей, на физико-химические свойства и геофизические параметры горных пород. Для теоретической и практической подготовки студентов, магистрантов и аспирантов, специализирующихся в области геофизических исследований скважин и разработки месторождений нефти и газа, а также слушателей системы дополнительного профессионального образования. Может быть использовано в качестве практического пособия для инженерно-технических и научных работников научно-исследовательских и научно-производственных организаций нефтегазового профиля.
|
| 606 |
1 |
|
|a Горные породы
|x Петрофизические исследования
|2 stltpush
|3 (RuTPU)RU\TPU\subj\8007
|9 35508
|
| 610 |
1 |
|
|a коллекторские свойства
|
| 610 |
1 |
|
|a глинистые породы
|
| 610 |
1 |
|
|a физико-химические свойства
|
| 610 |
1 |
|
|a глинистые минералы
|
| 610 |
1 |
|
|a поверхность
|
| 610 |
1 |
|
|a энергетическая неоднородность
|
| 610 |
1 |
|
|a физико-химическая неоднородность
|
| 610 |
1 |
|
|a связанная вода
|
| 610 |
1 |
|
|a пористые среды
|
| 610 |
1 |
|
|a поверхностные свойства
|
| 610 |
1 |
|
|a капиллярность
|
| 610 |
1 |
|
|a породы-коллекторы
|
| 610 |
1 |
|
|a относительная проницаемость
|
| 610 |
1 |
|
|a образцы
|
| 610 |
1 |
|
|a геофизические параметры
|
| 610 |
1 |
|
|a петрофизические службы
|
| 610 |
1 |
|
|a техническое оснащение
|
| 610 |
1 |
|
|a керн
|
| 610 |
1 |
|
|a лабораторные исследования
|
| 610 |
1 |
|
|a учебные пособия
|
| 675 |
|
|
|a 552.08:53(075.8)
|v 4
|
| 700 |
|
1 |
|a Гудок
|b Н. С.
|g Надежда Сергеевна
|
| 701 |
|
1 |
|a Богданович
|b Н. Н.
|g Наталья Николаевна
|
| 701 |
|
1 |
|a Мартынов
|b В. Г.
|g Виктор Георгиевич
|
| 712 |
0 |
2 |
|a Российский государственный университет нефти и газа им. И. М. Губкина (РГУ Нефти и Газа)
|c (Москва)
|c (1998- )
|2 stltpush
|3 (RuTPU)RU\TPU\col\408
|
| 801 |
|
1 |
|a RU
|b 63413507
|c 20160511
|
| 801 |
|
2 |
|a RU
|b 63413507
|c 20160720
|g RCR
|
| 942 |
|
|
|c BK
|
| 959 |
|
|
|a 37/20160415
|d 1
|e 1250,00
|f ЧЗТЛ:1
|